International Comparison of Gross Domestic Product in Europe 1993. Results of the European Comparison Programme (Record no. 3436)

MARC details
000 -LEADER
fixed length control field 00604nam a22001937i 4500
001 - CONTROL NUMBER
control field 3486
003 - CONTROL NUMBER IDENTIFIER
control field OSt
005 - DATE AND TIME OF LATEST TRANSACTION
control field 20170126082319.0
007 - PHYSICAL DESCRIPTION FIXED FIELD--GENERAL INFORMATION
fixed length control field tu
008 - FIXED-LENGTH DATA ELEMENTS--GENERAL INFORMATION
fixed length control field 161220s1997 xxu||||| |||| 00| 0 d
024 7# - OTHER STANDARD IDENTIFIER
Standard number or code 3485
Source of number or code RID
040 ## - CATALOGING SOURCE
Transcribing agency OSt
084 ## - OTHER CLASSIFICATION NUMBER
Classification number 8.23
-- 13.4
-- 19.33
Number source z
110 2# - MAIN ENTRY--CORPORATE NAME
Corporate name or jurisdiction name as entry element United Nations Statistical Commission
Relator term Ed.
245 00 - TITLE STATEMENT
Title International Comparison of Gross Domestic Product in Europe 1993. Results of the European Comparison Programme
260 ## - PUBLICATION, DISTRIBUTION, ETC.
Place of publication, distribution, etc. New York,
Date of publication, distribution, etc. 1997.
300 ## - PHYSICAL DESCRIPTION
Extent 141 S. ;
Dimensions 30cm.
490 ## - SERIES STATEMENT
Series statement Conference of European Statisticians / Statistical Standards and Studies
Volume/sequential designation 47
942 ## - ADDED ENTRY ELEMENTS (KOHA)
Koha item type Book
Holdings
Withdrawn status Lost status Damaged status Not for loan Home library Current library Shelving location Date acquired Inventory number Total Checkouts Full call number Barcode Date last seen Price effective from Koha item type
        WIIW WIIW Library 05/22/1997 3486   II-6.164 303484 01/26/2017 01/26/2017 Book
The Vienna Instiute for International Economic Studies (wiiw)